Movies Quiz

Random Movies or Box Office Quiz

Highest Grossing Controversial Movies Quiz Stats

 Plays Quiz not verified by Sporcle

Score 0/20 Timer 10:00
0 Plays Today
% Correct
Django Unchained (2012)
98.6%
The Passion of the Christ (2004)
97.9%
Ghostbusters (2016)
97.2%
Brokeback Mountain (2005)
97.2%
The Da Vinci Code (2006)
96.5%
The Wolf Of Wall Street (2013)
92.9%
Angels and Demons (2009)
90.1%
Basic Instinct (1992)
90.1%
The Day After Tomorrow (2004)
85.1%
Green Book (2018)
83.7%
% Correct
Noah (2014)
83%
Barbershop (2002)
83%
JFK (1991)
81.6%
Fahrenheit 9/11 (2004)
71.6%
True Lies (1994)
67.4%
Bruno (2009)
67.4%
World Trade Center (2006)
58.2%
The Golden Compass (2007)
58.2%
Zero Dark Thirty (2012)
57.4%
A Dog's Purpose (2017)
55.3%

You're not logged in!

Compare scores with friends on all Sporcle quizzes.
OR
Log In

Show Comments

Extras

Top Quizzes Today


Score Distribution

Your Account Isn't Verified!

In order to create a playlist on Sporcle, you need to verify the email address you used during registration. Go to your Sporcle Settings to finish the process.

Report this User

Report this user for behavior that violates our Community Guidelines.

Details: